|
|
|
|
| LEADER |
01110nam a2200301 a 4500 |
| 001 |
1558 |
| 003 |
BD-DhAAL |
| 005 |
20150526100848.0 |
| 008 |
150526s1992 nyu b 001 0 eng |
| 010 |
|
|
|a 92013770
|
| 020 |
|
|
|a 0898629764
|
| 020 |
|
|
|a 0898629810 (pbk.)
|
| 040 |
|
|
|a DLC
|c DLC
|d DLC
|d BD-DhAAL
|
| 050 |
0 |
0 |
|a HQ1206
|b .O25 1992
|
| 082 |
0 |
0 |
|a 158/.25
|2 20
|
| 100 |
1 |
|
|a O'Connor, Pat,
|d 1950-
|9 11436
|
| 245 |
1 |
0 |
|a Friendships between women :
|b a critical review /
|c Pat O'Connor.
|
| 260 |
|
|
|a New York :
|b Guilford Press,
|c c1992.
|
| 300 |
|
|
|a xii, 228 p. ;
|c 23 cm.
|
| 490 |
|
|
|a The Guilford series on personal relationships
|
| 504 |
|
|
|a Includes bibliographical references (p. [194]-223) and index.
|
| 541 |
|
|
|e 1558
|
| 650 |
|
0 |
|a Women
|x Psychology.
|9 8486
|
| 650 |
|
0 |
|a Female friendship
|x Sociological aspects.
|9 11437
|
| 650 |
|
0 |
|a Interpersonal relations.
|9 6096
|
| 942 |
|
|
|2 ddc
|c BK
|
| 999 |
|
|
|c 34523
|d 34523
|
| 952 |
|
|
|0 0
|1 0
|2 ddc
|4 0
|6 158_250000000000000_OCO
|7 0
|9 53891
|a SCL
|b SCL
|c GEN
|d 2015-05-26
|e Gift: The Asia Foundation
|l 3
|m 3
|o 158.25 OCO
|p 3020001558
|r 2025-04-17
|s 2025-04-10
|t 1
|w 2015-05-26
|y BK
|